Statistics for Percy Jackson/Heroes of Olympus A-Z

Click here to take the quiz!

General Stats

  • This quiz has been taken 166 times
    (159 since last reset)
  • The average score is 16 of 25

Answer Stats

Hint Answer % Correct
C-Half-human, Half-horseCentaur
90%
T-Half-blood daughter of ZeusThalia Grace
84%
L-Endless maze created by DaedalusLabyrinth
84%
V-Roman equivalent of AphroditeVenus
82%
E-Tyson's girlfriendElla
81%
S-Half-human, Half-goatSatyr
81%
B-Mother of Reyna and HyllaBellona
81%
G-Item that turned Thalia back into a humanGolden Fleece
79%
W-Current head counselor of Apollo cabinWill Solace
77%
R-English translation of AnaklusmosRiptide
77%
U-Last name of Percy's first step dadUgliano
75%
O-Augur at Camp JupiterOctavian
73%
J-God of beginnings, endings, etc.Janus
70%
K-Goddess of SnowKhione
68%
P-Castor's twin brotherPollux
66%
Q-Mrs. O' Leary's original owner (Fake name)Quintus
65%
Y-School Percy attends in the Lightning ThiefYancy Academy
64%
I-Son of Daedalus and NaucrateIcarus
57%
H-Goddess of YouthHebe
57%
F-Roman equivalent of PanFaunus
40%
M-Annabeth's step brotherMatthew
29%
Z-Calais' brotherZethes
28%
N-Greek god of the South WindNotus
24%
A-Roman equivalent of BoreasAquilon
23%
D-Name of mortal in Lotus Hotel & CasinoDarrin
15%

Score Distribution

Percentile by Number Answered

Percent of People with Each Score

Your Score History

You have not taken this quiz since the last reset